Online
Catalog

De la tierra a la luna / (Record no. 14702)

MARC details
000 -CABECERA
campo de control de longitud fija 00603nam a2200181 a 4500
001 - NÚMERO DE CONTROL
campo de control 000015130
005 - FECHA Y HORA DE LA ÚLTIMA TRANSACCIÓN
campo de control 20240226141826.0
008 - DATOS DE LONGITUD FIJA--INFORMACIÓN GENERAL
campo de control de longitud fija 100201s1988 dr a 000 0 spa d
020 ## - NÚMERO INTERNACIONAL ESTÁNDAR DEL LIBRO
Número Internacional Estándar del Libro 9993477192
040 ## - FUENTE DE LA CATALOGACIÓN
Centro catalogador/agencia de origen DO-SdBNP
Lengua de catalogación spa
Centro/agencia transcriptor BNPHU
100 1# - ENTRADA PRINCIPAL--NOMBRE DE PERSONA
Nombre de persona Verne, Julio,
Fechas asociadas al nombre 1828-1905
9 (RLIN) 1073
245 10 - MENCIÓN DE TÍTULO
Título De la tierra a la luna /
Mención de responsabilidad, etc. Julio Verne.
260 ## - PUBLICACIÓN, DISTRIBUCIÓN, ETC.
Lugar de publicación, distribución, etc. Santo Domingo :
Nombre del editor, distribuidor, etc. CENAPEC,
Fecha de publicación, distribución, etc. 1988.
300 ## - DESCRIPCIÓN FÍSICA
Extensión 337 p. :
Otras características físicas ils. ;
Dimensiones 22 cm.
490 1# - MENCIÓN DE SERIE
Mención de serie Biblioteca Económica de Obras Maestras
Designación de volumen o secuencia no. 10
500 ## - NOTA GENERAL
Nota general Incluye notas al pie de las páginas
830 #0 - PUNTO DE ACCESO ADICIONAL DE SERIE-TÍTULO UNIFORME
Título uniforme Biblioteca Económica de Obras Maestras
Número de parte o sección de la obra no. 10
9 (RLIN) 34237
Holdings
Estado de retiro Estado de pérdida Restricciones de uso No para préstamo Localización permanente Ubicación/localización actual Ubicación en estantería Fecha de adquisición Número de inventario Total de préstamos Signatura topográfica completa Código de barras Fecha visto por última vez Precio válido a partir de Tipo de ítem Koha
      Excluido de préstamo Patrimonio Dominicano Patrimonio Dominicano En catalogación 21.05.2013 LF1   15130-20 25.06.2020 25.06.2020 No se presta

Powered by Koha